00512nam a2200157Ia 450000500170000000800410001704100080005808200160006610000210008224500270010326000430013030000090017365000220018299900190020495201310022320250729165354.0250729s2004 xx 000 0 und d aeng a370.15 DASE aDash B N9222126 aElementary Educational aNew DelhibNeelkamal Publicationc2004 a151p aEducation9222127 c235314d235314 00104070aALbALd2025-07-29eSita Book Houseg110.00l0o370.15 DASEpBED00633r2025-07-29 16:53:54v110.00w2025-07-29yBK